|
|
|
|
| LEADER |
01490nam a2200361 a 4500 |
| 001 |
c000136649 |
| 003 |
CARM |
| 005 |
19960228000000.0 |
| 008 |
711207m19711983ilua b 001 0 eng |
| 010 |
|
|
|a 77128549 //r923
|
| 019 |
1 |
|
|a 218148
|5 LACONCORD2021
|
| 020 |
|
|
|a 0226979571 (v. 2)
|
| 020 |
|
|
|a 0226979555 (v. 1)
|
| 035 |
|
|
|a (OCoLC)214127
|5 LACONCORD2021
|
| 040 |
|
|
|a LC
|b eng
|c LC
|d NGCL
|
| 041 |
1 |
|
|a engrus
|
| 050 |
0 |
0 |
|a QB461
|b .Z4413
|
| 082 |
0 |
0 |
|a 523.01
|
| 100 |
1 |
|
|a Zeldovich, IA. B.
|q (IAkov Borisovich)
|
| 240 |
1 |
0 |
|a Reliativistskaia astrofizika.
|l English
|
| 245 |
1 |
0 |
|a Relativistic astrophysics
|c [by] Ya. B. Zeldovich and I.D. Novikov. Rev. and enl. from the original Russian ed. [by] the authors. Translated by Eli Arlock. Edited by Kip S. Thorne and W. David Arnett.
|
| 260 |
|
|
|a Chicago,
|b University of Chicago Press
|c [1971-1983]
|
| 300 |
|
|
|a 2 v. :
|b ill. ;
|c 24 cm.
|
| 500 |
|
|
|a Translation of Reliativistiskaia astrofizika.
|
| 504 |
|
|
|a Includes bibliographies and indexes.
|
| 505 |
0 |
|
|a v. 1. Stars and relativity.--v. 2. The structure and evolution of the universe.
|
| 650 |
|
0 |
|a Relativistic astrophysics.
|
| 650 |
|
0 |
|a Cosmology.
|
| 650 |
|
0 |
|a Gravitation.
|
| 700 |
1 |
|
|a Novikov, I. D.
|q (Igor Dmitrievich)
|
| 852 |
8 |
|
|b CARM
|h A2:AJ04F0
|i C04915
|p 0192098
|f BK
|
| 999 |
f |
f |
|i b05bbc72-7daf-5ba1-999a-1af24e21c5b7
|s d9787290-49ef-5374-93b6-7fea4528cb9c
|
| 952 |
f |
f |
|p Can circulate
|a CAVAL
|b CAVAL
|c CAVAL
|d CARM 1 Store
|e C04915
|f A2:AJ04F0
|h Other scheme
|i book
|m 0192098
|